[Event "FIDE Womens Grand Swiss 2021"]
[Site "Riga"]
[Date "2021.10.31"]
[Round "5.7"]
[White "Vantika Agrawal"]
[Black "Abdumalik, Zhansaya"]
[Result "1/2-1/2"]
[WhiteElo "2322"]
[BlackElo "2507"]
[Annotator "TA"]
[PlyCount "56"]
[EventDate "2021.10.27"]
[EventType "swiss"]
[EventCountry "LAT"]
[Tiebreak "Cut1 Buchholz+Sonneborn-Berger (Swiss)"]
[SourceTitle "playchess.com"]
[Source "ChessBase"]
[SourceQuality "1"]

{[%evp 26,56,20,16,11,12,12,0,0,1,4,4,4,4,1,-50,-32,-57,-22,-21,-21,-21,-22,
-22,0,-31,0,0,0,-30,0,0,0]} 1. d4 Nf6 2. c4 g6 3. Nc3 d5 4. Nf3 Bg7 5. cxd5
Nxd5 6. e4 Nxc3 7. bxc3 c5 8. Rb1 O-O 9. Be2 cxd4 10. cxd4 {[%cal Bc3d4,Bd4d5]
[%mdl 32]} Qa5+ 11. Bd2 Qxa2 12. O-O Bg4 13. Be3 Nc6 14. d5 Ne5 {D85: Exchange
Grünfeld: Unusual White 7th moves and lines with 7 Nf3.} 15. Rxb7 a5 {[%cal
Ba7a5,Ba5a4][%mdl 32]} 16. Rxe7 {Black should prevent h3.} a4 $1 17. Re1 {[#]}
Nxf3+ $146 ({Predecessor:} 17... a3 18. Nxe5 Bxe2 19. Rxe2 Qxe2 20. Qxe2 a2 21.
Bd4 a1=Q+ 22. Bxa1 Rxa1+ 23. Qf1 Rxf1+ 24. Kxf1 {1/2-1/2 (51) Karjakin,S (2772)
-Caruana,F (2783) Shamkir 2014}) 18. gxf3 Bh3 19. e5 {Threatening d6.} Qb2 20.
Bd4 (20. d6 $11) 20... Qb4 $15 21. Rc7 Rfc8 (21... a3 {keeps more tension.} 22.
Rc4 Qb7 23. Ba1 a2 24. f4 Rfc8) 22. Rxc8+ Rxc8 23. Bf1 $1 {[%cal Rf1h3]} Bf5
24. Ba1 $1 Bc2 25. Qe2 {[#] Strongly threatening e6.} Bd3 $1 {[%mdl 1024]
Black has compensation.} 26. Qd1 Bc2 27. Qe2 {aiming for e6.} Bd3 28. Qd1 Bc2 {
Weighted Error Value: White=0.07/Black=0.08} 1/2-1/2

[Event "FIDE Womens Grand Swiss 2021"]
[Site "Riga"]
[Date "2021.10.31"]
[Round "5.8"]
[White "Gunina, Valentina"]
[Black "Girya, Olga"]
[Result "1/2-1/2"]
[WhiteElo "2462"]
[BlackElo "2410"]
[Annotator "ChessBase"]
[PlyCount "57"]
[EventDate "2021.10.27"]
[EventType "swiss"]
[EventCountry "LAT"]
[Tiebreak "Cut1 Buchholz+Sonneborn-Berger (Swiss)"]
[SourceTitle "playchess.com"]
[Source "ChessBase"]
[SourceQuality "1"]
[TimeControl "40/6000+30:20/3000+30:900+30"]

1. d4 {[%emt 0:10:07]} Nf6 {[%emt 0:10:08]} 2. c4 {[%emt 0:00:19]} e6 {[%emt 0:
00:07]} 3. Nf3 {[%emt 0:00:07]} d5 {[%emt 0:00:11]} 4. Nc3 {[%emt 0:00:08]} Be7
{[%emt 0:00:19]} 5. Bg5 {[%emt 0:00:56]} h6 {[%emt 0:00:11]} 6. Bh4 {[%emt 0:
00:09]} dxc4 {[%emt 0:00:17]} 7. e3 {[%emt 0:00:51]} c5 {[%emt 0:00:11]} 8.
Bxc4 {[%emt 0:00:59]} cxd4 {[%emt 0:00:11]} 9. Nxd4 {[%emt 0:00:36]} Bd7 {
[%emt 0:00:26]} 10. O-O {[%emt 0:02:38]} Nc6 {[%emt 0:00:08]} 11. Rc1 {[%emt 0:
03:20]} O-O {[%emt 0:05:52]} 12. Bg3 {[%emt 0:02:55]} Nxd4 {[%emt 0:02:33]} 13.
Qxd4 {[%emt 0:00:06]} Bc6 {[%emt 0:01:09]} 14. Ne2 {[%emt 0:06:47]} Ne4 {
[%emt 0:06:20]} 15. Be5 {[%emt 0:00:39]} Bc5 {[%emt 0:14:29]} 16. Qxd8 {
[%emt 0:02:02]} Rfxd8 {[%emt 0:03:25]} 17. Nd4 {[%emt 0:10:42]} Bxd4 {[%emt 0:
17:42]} 18. Bxd4 {[%emt 0:01:12]} Nd2 {[%emt 0:00:05]} 19. Rfe1 {[%emt 0:00:06]
} Nxc4 {[%emt 0:00:10]} 20. Rxc4 {[%emt 0:00:05]} Bd5 {[%emt 0:01:06]} 21. Ra4
{[%emt 0:04:07]} a6 {[%emt 0:00:51]} 22. Bc3 {[%emt 0:00:13]} f6 {[%emt 0:10:
07]} 23. f3 {[%emt 0:03:17]} e5 {[%emt 0:00:52]} 24. Kf2 {[%emt 0:02:13]} Bc6 {
[%emt 0:03:31]} 25. Rc4 {[%emt 0:00:04]} Bd5 {[%emt 0:01:41]} 26. Ra4 {[%emt 0:
00:05]} Bc6 {[%emt 0:07:22]} 27. Rc4 {[%emt 0:01:32]} Bd5 {[%emt 0:00:16]} 28.
Ra4 {[%emt 0:00:07]} Bc6 {[%emt 0:00:04]} 29. Rc4 {[%emt 0:00:33]} 1/2-1/2

[Event "FIDE Womens Grand Swiss 2021"]
[Site "Riga"]
[Date "2021.10.31"]
[Round "5.9"]
[White "Badelka, Olga"]
[Black "Sargsyan, Anna M."]
[Result "1-0"]
[WhiteElo "2438"]
[BlackElo "2402"]
[Annotator "NA"]
[PlyCount "57"]
[EventDate "2021.10.27"]
[EventType "swiss"]
[EventCountry "LAT"]
[Tiebreak "Cut1 Buchholz+Sonneborn-Berger (Swiss)"]
[SourceTitle "playchess.com"]
[Source "ChessBase"]
[SourceQuality "1"]
[TimeControl "40/6000+30:20/3000+30:900+30"]

1. e4 {[%emt 0:10:05]} e5 {[%emt 0:10:52]} 2. Nf3 {[%emt 0:00:12]} Nc6 {
[%emt 0:00:08]} 3. Bb5 {[%emt 0:00:09]} a6 {[%emt 0:00:09]} 4. Ba4 {[%emt 0:00:
06]} d6 {[%emt 0:00:14]} 5. O-O {[%emt 0:03:03]} Bd7 {[%emt 0:02:03]} 6. c3 {
[%emt 0:01:54]} g6 {[%emt 0:01:21]} 7. d4 {[%emt 0:01:16]} Bg7 {[%emt 0:00:24]}
8. Re1 {[%emt 0:01:58]} Nge7 {[%emt 0:01:00]} 9. Be3 {[%emt 0:02:36]} O-O {
[%emt 0:00:34]} 10. Nbd2 {[%emt 0:01:01]} h6 {[%emt 0:02:48]} 11. Bc2 {[%emt 0:
09:48]} exd4 {[%emt 0:14:11]} 12. cxd4 {[%emt 0:00:43]} g5 {[%emt 0:10:28]} 13.
d5 {[%emt 0:05:04]} Ne5 {[%emt 0:06:18]} 14. Nxe5 {[%emt 0:04:45]} dxe5 {
[%emt 0:00:22]} 15. Rc1 {[%emt 0:02:52]} Ng6 {[%emt 0:00:15]} 16. Nb3 {[%emt 0:
07:47]} b6 {[%emt 0:03:15]} 17. Bd3 {[%emt 0:03:45]} Ra7 {[%emt 0:01:55]} 18.
Na5 {[%emt 0:02:09]} Ne7 {[%emt 0:00:08]} 19. Qe2 {[%emt 0:03:36]} Ra8 {
[%emt 0:18:47]} 20. Nc6 {[%emt 0:03:51]} Bxc6 {[%emt 0:05:10]} 21. dxc6 {
[%emt 0:00:04]} Qc8 {[%emt 0:04:42]} 22. Bc4 {[%emt 0:02:06]} Kh8 {[%emt 0:01:
28]} 23. Red1 {[%emt 0:07:40]} f5 {[%emt 0:00:36]} 24. Rd7 {[%emt 0:01:40]}
Nxc6 {[%emt 0:00:46]} 25. Be6 {[%emt 0:00:37]} Nd8 {[%emt 0:00:06]} 26. exf5 {
[%emt 0:09:10]} Nxe6 {[%emt 0:01:24]} 27. fxe6 {[%emt 0:00:03]} c5 {[%emt 0:01:
17]} 28. Bxg5 {[%emt 0:00:30]} Qe8 {[%emt 0:03:27]} 29. Bxh6 {[%emt 0:01:11]}
1-0

[Event "FIDE Womens Grand Swiss 2021"]
[Site "Riga"]
[Date "2021.10.31"]
[Round "5.10"]
[White "Shuvalova, Polina"]
[Black "Arakhamia-Grant, Ketevan"]
[Result "1-0"]
[WhiteElo "2509"]
[BlackElo "2376"]
[Annotator "TA"]
[PlyCount "65"]
[EventDate "2021.10.27"]
[EventType "swiss"]
[EventCountry "LAT"]
[Tiebreak "Cut1 Buchholz+Sonneborn-Berger (Swiss)"]
[SourceTitle "playchess.com"]
[Source "ChessBase"]
[SourceQuality "1"]

{[%evp 18,65,42,45,66,33,38,33,41,19,61,60,70,62,75,35,64,6,-6,0,0,0,-5,-31,
-34,-45,12,13,20,16,312,325,299,305,314,279,277,283,334,343,334,329,380,379,
375,370,904,904,887,862]} 1. d4 Nf6 2. c4 g6 3. Nc3 Bg7 4. e4 d6 5. Nf3 O-O 6.
Be2 e5 7. O-O Nc6 8. d5 Ne7 9. Bg5 h6 {9...h6 scores better than 9...Nh5.} 10.
Bd2 Nh5 {E97: King's Indian: Classical Main Line (6...e5 7 0-0 Nc6): 8 Be3 and
8 d5 Ne7, not 9 Ne1.} 11. Re1 Nf4 12. Bf1 g5 {White is slightly better.} 13. g3
Nh3+ 14. Bxh3 Bxh3 15. Bxg5 $1 {[#]} f6 $146 (15... hxg5 $6 16. Nxg5 Qd7 17.
Qh5 $16) ({Predecessor:} 15... Bg4 16. Bxe7 Qxe7 17. Kg2 f5 18. h3 fxe4 19.
hxg4 exf3+ 20. Kg1 Qg5 21. Re4 Rf7 {0-1 (44) Shuvalova,P (2476)-Mezentsev,I 
(2354) Chess.com INT 2021}) 16. Be3 f5 17. exf5 (17. Qd3 $14) 17... Bg4 $1 $11
18. h3 Bxh3 {[#] Hoping for ...Bg4.} 19. Nh4 $36 {[%mdl 2048] With the idea g4.
White fights for an advantage.} Nxf5 20. Nxf5 Bxf5 21. g4 Qh4 22. gxf5 Rxf5 {
...Raf8 is the strong threat.} 23. Qd3 Rf3 {[%mdl 8192] [#] Loses the game.} (
23... Raf8 $1 $11 24. Qf1 (24. Qe4 Rf4 $14) 24... Kh8) 24. Qe4 $1 $18 {[%cal
Re4h4]} Qh5 25. Ne2 Raf8 26. Ng3 Qh3 27. Re2 ({Don't go for} 27. Bxa7 $2 R8f4
$19) 27... Kh8 28. Rd1 ({Avoid the trap} 28. Bxa7 $2 R8f4 $19) 28... R8f6 29.
Bc1 ({Not} 29. Bxa7 $2 R6f4 $19) 29... Bf8 30. Rd3 Rxd3 31. Qxd3 h5 $2 (31...
Kg7 32. c5 Rg6) 32. Bg5 Rf7 33. Qg6 {[%mdl 64] Double Attack.  Weighted Error
Value: White=0.10/Black=0.38} 1-0

[Event "FIDE Womens Grand Swiss 2021"]
[Site "Riga"]
[Date "2021.10.31"]
[Round "5.11"]
[White "Sukandar, Irine Kharisma"]
[Black "Muzychuk, Mariya"]
[Result "0-1"]
[WhiteElo "2406"]
[BlackElo "2536"]
[Annotator "TA"]
[PlyCount "92"]
[EventDate "2021.10.27"]
[EventType "swiss"]
[EventCountry "LAT"]
[Tiebreak "Cut1 Buchholz+Sonneborn-Berger (Swiss)"]
[SourceTitle "playchess.com"]
[Source "ChessBase"]
[SourceQuality "1"]

{[%evp 14,92,23,27,32,17,44,22,29,13,23,14,30,14,21,-4,-15,-20,15,-3,0,-5,0,-1,
58,63,61,29,47,44,79,68,47,52,87,69,88,85,72,79,81,78,79,73,117,25,70,45,45,34,
18,9,33,9,10,6,13,0,0,-53,-46,-52,-70,-80,-71,-118,-38,-207,-211,-371,-372,
-344,-254,-893,-895,-875,-802,-1033,-969,-29991,-29992]} 1. e4 c6 2. d4 d5 3.
Nc3 dxe4 4. Nxe4 Nf6 5. Nxf6+ exf6 6. c3 Bd6 7. Bd3 O-O 8. Qc2 Re8+ {B15:
Caro-Kann: 3 Nc3: 3...g6 and 3...dxe4 4 Nxe4 Nf6 5 Nxf6+ exf6.} 9. Ne2 h5 10.
Be3 (10. O-O {is more complex.} Qc7 11. h3 Nd7 12. Be3 b5 13. Rfe1) 10... Nd7 {
The position is equal.} 11. O-O-O Nf8 12. c4 Be6 13. Kb1 Rc8 14. Ng3 g6 15. Ne4
Be7 {[#]} (15... b5 $5) 16. Rhe1 $146 ({Predecessor:} 16. Nc5 Bxc5 17. dxc5 Qe7
18. Rhe1 Rcd8 19. Ka1 Nd7 20. Bd4 Kg7 21. b4 a5 22. f4 axb4 {1-0 (34) Wikar,M 
(2168)-Derylo,K (2062) Suwalki 2021}) 16... b6 17. f3 f5 18. Nc3 Bb4 (18... Bf6
$11) 19. a3 $14 Bd6 20. Qf2 Nh7 21. d5 cxd5 22. cxd5 Bd7 23. Ba6 $36 {[%mdl
2048] Black is under pressure.} Rc7 24. Nb5 Bxb5 25. Bxb5 Re5 26. Bd4 Rxe1 27.
Rxe1 {[#] aiming for Re8+.} Re7 28. Rd1 f6 29. g4 (29. g3 $16) 29... hxg4 30.
fxg4 fxg4 31. Qh4 Re4 $1 32. Bc3 Kg7 $1 33. Bd3 {[%mdl 1024] White has
compensation.} g5 $1 {[%cal Rg5h4]} 34. Qf2 Rf4 35. Qc2 Nf8 36. Bf5 (36. Qg2
$11) 36... Qc7 $15 37. Re1 Qc4 38. Be4 b5 39. Bg2 a5 ({Black should try} 39...
b4 $17 40. axb4 Bxb4) 40. Re8 $2 {Now White is beyond hope.} ({Wrong is} 40.
Bxa5 $2 Qxc2+ 41. Kxc2 Rf2+ 42. Kd3 Rxg2 $19) (40. Rc1 $1 $15) 40... b4 41.
axb4 (41. Be1 bxa3 42. Qxc4 Rxc4 43. bxa3) 41... axb4 $19 {[%cal Ba5b4,Bb4b3]
[%mdl 32]} 42. Be1 Qb5 {[#] White must now prevent ...b3.} 43. Ra8 $2 (43. Re3)
43... b3 44. Ra7+ Kg8 45. Qc3 Be5 46. Qd2 Rd4 {[%mdl 64] Discovered Attack. 
Weighted Error Value: White=0.59/Black=0.13} 0-1

[Event "FIDE Womens Grand Swiss 2021"]
[Site "Riga"]
[Date "2021.10.31"]
[Round "5.12"]
[White "Assaubayeva, Bibisara"]
[Black "Stefanova, Antoaneta"]
[Result "1-0"]
[WhiteElo "2400"]
[BlackElo "2475"]
[Annotator "TA"]
[PlyCount "107"]
[EventDate "2021.10.27"]
[EventType "swiss"]
[EventCountry "LAT"]
[Tiebreak "Cut1 Buchholz+Sonneborn-Berger (Swiss)"]
[SourceTitle "playchess.com"]
[Source "ChessBase"]
[SourceQuality "1"]

{[%evp 10,107,12,15,21,21,37,0,18,18,25,27,32,0,0,0,0,0,0,0,0,0,0,0,0,-5,0,0,
31,33,38,27,33,10,12,10,38,30,41,31,91,70,79,78,85,89,94,4,99,99,97,87,113,107,
111,28,27,42,36,26,148,141,188,137,130,101,113,0,233,230,290,287,275,268,886,
385,618,509,575,566,995,452,435,389,6070,5285,29965,29966,29967,6152,5645,5611,
5597,5502,4133,4133,4114,2416,1477,1477]} 1. d4 d5 2. c4 c6 3. Nf3 e6 4. Qc2
dxc4 5. Qxc4 Nf6 6. Bg5 Qb6 {D30: Queen's Gambit Declined: Systems without Nc3.
} 7. Qc2 c5 8. Nbd2 Nc6 {The position is equal.} 9. Nc4 Qc7 10. dxc5 Bxc5 11.
a3 {[#]} b5 $146 ({Predecessor:} 11... Bd7 12. e3 Rc8 13. Bf4 Qd8 14. Bd6 Na5
15. Nfe5 b5 16. Bxc5 Nxc4 17. Nxc4 bxc4 18. Qxc4 {1-0 (50) Faizulaev,A (2329)
-Saidov,B (2359) Tashkent 2010}) 12. Ncd2 Qb6 13. e3 {Hoping for Rc1.} Be7 14.
Bd3 Bb7 15. O-O Rc8 16. Rac1 h6 17. Bxf6 gxf6 18. Qd1 Rd8 19. Qe2 a6 20. Rfd1
f5 21. e4 fxe4 22. Bxe4 Bf6 23. Nb3 Rxd1+ 24. Qxd1 Ne5 ({But not} 24... Bxb2 $2
25. Rxc6 $1 {[%mdl 512]} Bxc6 26. Qd6 $1 $18) (24... Ke7 $14) 25. Nxe5 Bxe5 26.
Bxb7 Qxb7 27. Nc5 Qe7 28. Nd3 $40 {[%mdl 128] White mounts an attack.} (28.
Nxa6 $16 {Threatening mate with Rc8+.} O-O 29. Qe2) 28... Qd6 (28... Bg7 $1 $11
) 29. Nxe5 $16 Qxe5 {[%mdl 4096] Endgame KQR-KQR} 30. Qd2 Ke7 31. Qb4+ Kf6 32.
Re1 ({White should try} 32. Rc5 $1 $16 {[%cal Rc5e5]} Qe2 33. Qd4+ Kg6 34. h3)
32... Qd5 $11 33. Qc3+ e5 34. Qe3 h5 (34... Qd4 $11) 35. h4 $16 Rg8 {[%csl Gg8]
[%cal Rd5g2]} 36. g3 (36. Qh6+ $18 Ke7 37. g3) 36... Rg6 37. Qe2 Rg4 38. Qe3 ({
White should play} 38. b4 $16) 38... Qd4 $2 {[#] White stays focused until the
end.} (38... Rg6 $11 {and Black stays safe.}) 39. Qh6+ $1 $18 Rg6 40. Qh8+ (40.
Qxh5 Rxg3+ 41. Kf1 Qd3+ 42. Qe2 Qxe2+ 43. Rxe2 Rb3 $17) 40... Ke6 {next ...
Rxg3+ is good for Black.} 41. Re3 ({Not} 41. Qxh5 Rxg3+ 42. Kf1 Rh3 $17) 41...
Kd5 $2 (41... Qd5 42. Qxh5 Rf6) 42. Qxh5 (42. Qa8+ $142 Rc6 43. Rc3) 42... Qxb2
$2 (42... Ke6 43. Qh8 Qd5) 43. Qf5 Re6 44. Qxf7 e4 45. Qd7+ (45. Re1 $142 {
Strongly threatening Rd1+.} Qd2 {[#]} 46. Rxe4 $3 {[%mdl 576] Pin}) 45... Rd6
46. Qf5+ Kc6 $2 {[#]} (46... Qe5 47. Qf7+ Kc6) 47. Rc3+ $3 {[%mdl 512]} Kb6 (
47... Qxc3 48. Qc8+) 48. Qc5+ Ka5 49. Qc7+ (49. Qxd6 $142 Qa1+ 50. Kh2 Qxc3 51.
Qb4+ Qxb4 52. axb4+ Kxb4 53. h5 Ka3 54. h6) 49... Ka4 {White is clearly
winning.} 50. Qxd6 {[%cal Rd6a6]} Qxc3 51. Qxa6+ Kb3 52. Qxb5+ Kxa3 53. Qa6+
Kb4 54. Qb7+ {Weighted Error Value: White=0.37/Black=0.45} 1-0

[Event "FIDE Womens Grand Swiss 2021"]
[Site "Riga"]
[Date "2021.10.31"]
[Round "5.13"]
[White "Munguntuul, Batkhuyag"]
[Black "Padmini, Rout"]
[Result "1-0"]
[WhiteElo "2433"]
[BlackElo "2380"]
[Annotator "NA"]
[PlyCount "97"]
[EventDate "2021.10.27"]
[EventType "swiss"]
[EventCountry "LAT"]
[Tiebreak "Cut1 Buchholz+Sonneborn-Berger (Swiss)"]
[SourceTitle "playchess.com"]
[Source "ChessBase"]
[SourceQuality "1"]
[TimeControl "40/6000+30:20/3000+30:900+30"]

1. e4 {[%emt 0:10:04]} c5 {[%emt 0:10:36]} 2. Nf3 {[%emt 0:00:05]} Nc6 {
[%emt 0:00:09]} 3. d4 {[%emt 0:00:07]} cxd4 {[%emt 0:00:05]} 4. Nxd4 {[%emt 0:
00:05]} g6 {[%emt 0:00:15]} 5. c4 {[%emt 0:00:47]} Bg7 {[%emt 0:00:18]} 6. Be3
{[%emt 0:00:18]} Nf6 {[%emt 0:00:09]} 7. Nc3 {[%emt 0:00:10]} d6 {[%emt 0:00:
21]} 8. Be2 {[%emt 0:02:32]} O-O {[%emt 0:00:41]} 9. O-O {[%emt 0:00:18]} Bd7 {
[%emt 0:00:23]} 10. Rc1 {[%emt 0:18:45]} Nxd4 {[%emt 0:02:20]} 11. Bxd4 {
[%emt 0:00:18]} Bc6 {[%emt 0:00:08]} 12. f3 {[%emt 0:00:33]} a5 {[%emt 0:00:41]
} 13. b3 {[%emt 0:03:11]} Nd7 {[%emt 0:00:29]} 14. Be3 {[%emt 0:02:23]} Nc5 {
[%emt 0:00:17]} 15. a3 {[%emt 0:09:29]} Be5 {[%emt 0:49:36]} 16. b4 {[%emt 0:
07:46]} axb4 {[%emt 0:01:35]} 17. axb4 {[%emt 0:00:02]} Na4 {[%emt 0:00:17]}
18. Nxa4 {[%emt 0:05:50]} Bxa4 {[%emt 0:00:03]} 19. Qd3 {[%emt 0:01:12]} Bd7 {
[%emt 0:03:00]} 20. Rfd1 {[%emt 0:03:09]} Ra4 {[%emt 0:04:13]} 21. Rb1 {
[%emt 0:18:56]} Qa8 {[%emt 0:00:49]} 22. Bd4 {[%emt 0:05:08]} Ra3 {[%emt 0:01:
39]} 23. Qd2 {[%emt 0:00:17]} Ra2 {[%emt 0:03:29]} 24. Rb2 {[%emt 0:01:17]}
Rxb2 {[%emt 0:01:40]} 25. Qxb2 {[%emt 0:00:52]} Bxd4+ {[%emt 0:01:25]} 26. Qxd4
{[%emt 0:00:03]} Qa2 {[%emt 0:06:31]} 27. Bf1 {[%emt 0:04:05]} Be6 {[%emt 0:02:
32]} 28. c5 {[%emt 0:03:54]} dxc5 {[%emt 0:04:01]} 29. Qxc5 {[%emt 0:00:03]}
Qb3 {[%emt 0:01:15]} 30. Re1 {[%emt 0:01:08]} Rc8 {[%emt 0:02:02]} 31. Qxe7 {
[%emt 0:00:31]} Qc3 {[%emt 0:00:06]} 32. Rd1 {[%emt 0:00:50]} Qe3+ {[%emt 0:04:
39]} 33. Kh1 {[%emt 0:00:02]} Kg7 {[%emt 0:04:11]} 34. Qd6 {[%emt 0:04:29]} Bb3
{[%emt 0:05:52]} 35. Qe5+ {[%emt 0:05:09]} Kh6 {[%emt 0:00:43]} 36. Ra1 {
[%emt 0:00:07]} Bc4 {[%emt 0:01:03]} 37. h3 {[%emt 0:00:55]} b5 {[%emt 0:00:46]
} 38. Kh2 {[%emt 0:01:23]} Bxf1 {[%emt 0:00:33]} 39. Rxf1 {[%emt 0:00:02]} Qd3
{[%emt 0:00:28]} 40. Ra1 {[%emt 0:01:27]} Rc2 {[%emt 0:00:23]} 41. Qf4+ {
[%emt 0:52:21]} Kg7 {[%emt 0:50:22]} 42. e5 {[%emt 0:00:00]} Qd2 {[%emt 0:00:
00]} 43. Qf6+ {[%emt 0:00:00]} Kh6 {[%emt 0:00:00]} 44. Rg1 {[%emt 0:00:00]}
Qxb4 {[%emt 0:00:00]} 45. Qxf7 {[%emt 0:00:00]} Re2 {[%emt 0:00:00]} 46. Qf6 {
[%emt 0:00:00]} Rd2 {[%emt 0:00:00]} 47. f4 {[%emt 0:00:00]} Rd7 {[%emt 0:00:
10]} 48. e6 {[%emt 0:00:00]} Rd5 {[%emt 0:02:25]} 49. e7 {[%emt 0:00:00]} 1-0

[Event "FIDE Womens Grand Swiss 2021"]
[Site "Riga"]
[Date "2021.10.31"]
[Round "5.14"]
[White "Osmak, Iulija"]
[Black "Lujan, Carolina"]
[Result "1-0"]
[WhiteElo "2423"]
[BlackElo "2340"]
[Annotator "NA"]
[PlyCount "127"]
[EventDate "2021.10.27"]
[EventType "swiss"]
[EventCountry "LAT"]
[Tiebreak "Cut1 Buchholz+Sonneborn-Berger (Swiss)"]
[SourceTitle "playchess.com"]
[Source "ChessBase"]
[SourceQuality "1"]
[TimeControl "40/6000+30:20/3000+30:900+30"]

1. c4 {[%emt 0:10:04]} Nf6 {[%emt 0:10:11]} 2. Nc3 {[%emt 0:00:05]} d5 {
[%emt 0:00:17]} 3. cxd5 {[%emt 0:00:07]} Nxd5 {[%emt 0:00:07]} 4. Nf3 {[%emt 0:
00:09]} g6 {[%emt 0:00:43]} 5. h4 {[%emt 0:00:13]} Bg7 {[%emt 0:00:50]} 6. e4 {
[%emt 0:02:38]} Nxc3 {[%emt 0:00:10]} 7. dxc3 {[%emt 0:00:23]} Qxd1+ {[%emt 0:
00:59]} 8. Kxd1 {[%emt 0:00:03]} Bg4 {[%emt 0:09:18]} 9. Kc2 {[%emt 0:02:33]}
Nd7 {[%emt 0:03:17]} 10. Nd4 {[%emt 0:01:42]} a6 {[%emt 0:14:31]} 11. f3 {
[%emt 0:06:14]} e5 {[%emt 0:01:29]} 12. Nb3 {[%emt 0:00:44]} Be6 {[%emt 0:00:
07]} 13. Na5 {[%emt 0:07:42]} Rb8 {[%emt 0:11:52]} 14. h5 {[%emt 0:07:40]} f5 {
[%emt 0:07:19]} 15. Be3 {[%emt 0:10:38]} f4 {[%emt 0:04:42]} 16. Ba7 {[%emt 0:
00:56]} Ra8 {[%emt 0:00:24]} 17. Bf2 {[%emt 0:00:15]} Rb8 {[%emt 0:00:47]} 18.
Bc4 {[%emt 0:10:56]} Bxc4 {[%emt 0:07:02]} 19. Nxc4 {[%emt 0:00:17]} O-O {
[%emt 0:01:23]} 20. Rad1 {[%emt 0:01:40]} Rf7 {[%emt 0:00:27]} 21. hxg6 {
[%emt 0:05:31]} hxg6 {[%emt 0:00:05]} 22. Rd5 {[%emt 0:00:54]} Re8 {[%emt 0:11:
09]} 23. Rhd1 {[%emt 0:02:03]} Nb8 {[%emt 0:00:58]} 24. Bc5 {[%emt 0:07:39]}
Nc6 {[%emt 0:00:57]} 25. R5d3 {[%emt 0:02:01]} b6 {[%emt 0:02:58]} 26. Bf2 {
[%emt 0:00:33]} Bf6 {[%emt 0:01:29]} 27. b4 {[%emt 0:02:48]} g5 {[%emt 0:06:11]
} 28. a4 {[%emt 0:03:44]} Re6 {[%emt 0:09:40]} 29. b5 {[%emt 0:01:58]} axb5 {
[%emt 0:00:15]} 30. axb5 {[%emt 0:00:04]} Ne7 {[%emt 0:01:38]} 31. Rd8+ {
[%emt 0:06:42]} Kg7 {[%emt 0:00:04]} 32. Ra1 {[%emt 0:00:41]} Ng6 {[%emt 0:00:
54]} 33. Rc8 {[%emt 0:00:23]} Rd7 {[%emt 0:02:20]} 34. Ra7 {[%emt 0:01:40]}
Ree7 {[%emt 0:00:07]} 35. Nb2 {[%emt 0:09:57]} Kf7 {[%emt 0:02:08]} 36. Nd3 {
[%emt 0:01:03]} Ke6 {[%emt 0:00:03]} 37. Nb4 {[%emt 0:01:25]} Rh7 {[%emt 0:00:
14]} 38. Nd5 {[%emt 0:00:51]} Rh2 {[%emt 0:01:26]} 39. Rcxc7 {[%emt 0:03:31]}
Rxc7 {[%emt 0:00:40]} 40. Nxc7+ {[%emt 0:00:21]} Kd6 {[%emt 0:00:43]} 41. Bxb6
{[%emt 0:22:52]} g4 {[%emt 0:28:41]} 42. Kb3 {[%emt 0:06:05]} Rxg2 {[%emt 0:01:
44]} 43. fxg4 {[%emt 0:07:13]} f3 {[%emt 0:01:03]} 44. Ne8+ {[%emt 0:04:32]}
Ke6 {[%emt 0:00:05]} 45. Nxf6 {[%emt 0:01:07]} Kxf6 {[%emt 0:01:59]} 46. Bd8+ {
[%emt 0:00:06]} Ke6 {[%emt 0:00:21]} 47. Ra6+ {[%emt 0:00:06]} Kd7 {[%emt 0:06:
25]} 48. Rxg6 {[%emt 0:00:26]} Kxd8 {[%emt 0:00:47]} 49. Rf6 {[%emt 0:00:08]}
Rxg4 {[%emt 0:00:40]} 50. Rxf3 {[%emt 0:00:06]} Rxe4 {[%emt 0:00:05]} 51. c4 {
[%emt 0:00:47]} Kd7 {[%emt 0:00:59]} 52. Kb4 {[%emt 0:00:09]} Kd6 {[%emt 0:00:
50]} 53. Rd3+ {[%emt 0:00:43]} Ke6 {[%emt 0:04:05]} 54. b6 {[%emt 0:00:25]} Rh4
{[%emt 0:00:56]} 55. b7 {[%emt 0:00:11]} Rh8 {[%emt 0:00:04]} 56. c5 {[%emt 0:
01:55]} e4 {[%emt 0:00:29]} 57. Rd1 {[%emt 0:01:28]} e3 {[%emt 0:00:36]} 58.
Kb5 {[%emt 0:01:02]} e2 {[%emt 0:01:21]} 59. Re1 {[%emt 0:00:04]} Kd7 {[%emt 0:
00:05]} 60. Rxe2 {[%emt 0:00:52]} Kc7 {[%emt 0:00:13]} 61. Re7+ {[%emt 0:15:09]
} Kb8 {[%emt 0:15:11]} 62. Kb6 {[%emt 0:01:16]} Rh6+ {[%emt 0:01:21]} 63. c6 {
[%emt 0:00:25]} Re6 {[%emt 0:00:04]} 64. Re8+ {[%emt 0:00:11]} 1-0

[Event "FIDE Womens Grand Swiss 2021"]
[Site "Riga"]
[Date "2021.10.31"]
[Round "5.15"]
[White "Melia, Salome"]
[Black "Vaishali R"]
[Result "1/2-1/2"]
[WhiteElo "2371"]
[BlackElo "2419"]
[Annotator "NA"]
[PlyCount "50"]
[EventDate "2021.10.27"]
[EventType "swiss"]
[EventCountry "LAT"]
[Tiebreak "Cut1 Buchholz+Sonneborn-Berger (Swiss)"]
[SourceTitle "playchess.com"]
[Source "ChessBase"]
[SourceQuality "1"]
[TimeControl "40/6000+30:20/3000+30:900+30"]

1. e4 {[%emt 0:10:05]} c5 {[%emt 0:10:26]} 2. Nf3 {[%emt 0:00:08]} Nc6 {
[%emt 0:00:06]} 3. Bb5 {[%emt 0:00:36]} e6 {[%emt 0:00:13]} 4. O-O {[%emt 0:05:
06]} Nge7 {[%emt 0:00:10]} 5. Re1 {[%emt 0:00:16]} Nd4 {[%emt 0:00:34]} 6. Bf1
{[%emt 0:05:20]} Nxf3+ {[%emt 0:03:58]} 7. Qxf3 {[%emt 0:00:03]} Nc6 {[%emt 0:
01:06]} 8. b3 {[%emt 0:03:17]} Be7 {[%emt 0:17:15]} 9. Bb2 {[%emt 0:00:26]} e5
{[%emt 0:01:01]} 10. Nc3 {[%emt 0:04:22]} O-O {[%emt 0:00:49]} 11. Nd5 {
[%emt 0:00:38]} d6 {[%emt 0:00:29]} 12. Ne3 {[%emt 0:10:11]} Bg5 {[%emt 0:07:
05]} 13. Bc4 {[%emt 0:02:01]} Be6 {[%emt 0:02:31]} 14. Qd1 {[%emt 0:08:14]} Qf6
{[%emt 0:08:02]} 15. Bd5 {[%emt 0:09:27]} Qg6 {[%emt 0:02:23]} 16. c3 {[%emt 0:
04:17]} Bxd5 {[%emt 0:16:20]} 17. Nxd5 {[%emt 0:01:52]} f5 {[%emt 0:00:05]} 18.
d3 {[%emt 0:02:01]} Bh4 {[%emt 0:11:22]} 19. Re2 {[%emt 0:03:59]} fxe4 {
[%emt 0:07:59]} 20. dxe4 {[%emt 0:00:48]} Rf3 {[%emt 0:00:13]} 21. Ne3 {
[%emt 0:17:45]} Ne7 {[%emt 0:01:02]} 22. Nd5 {[%emt 0:05:28]} Nc6 {[%emt 0:01:
59]} 23. Ne3 {[%emt 0:12:16]} Ne7 {[%emt 0:00:42]} 24. Nd5 {[%emt 0:00:30]} Nc6
{[%emt 0:05:32]} 25. Ne3 {[%emt 0:00:17]} Ne7 {[%emt 0:00:07]} 1/2-1/2